| 000 | 00861nam a2200229 a 4500 | ||
|---|---|---|---|
| 001 | 000041063 | ||
| 005 | 20201002034606.0 | ||
| 008 | 130917s1967 mx 000 0 spa d | ||
| 040 |
_aDO-SdBNP _bspa _cBNPHU |
||
| 082 |
_axxxx _bH453a |
||
| 100 | 1 |
_aHedges, Trimble R. _967559 |
|
| 240 | 1 | 0 |
_aFarm management decisions. _lEspañol |
| 245 | 1 | 0 |
_aAdministración de empresas agricolas / _cTrimble R. Hedges ; traducción Ramón Palazón. |
| 260 |
_aMéxico : _bCentro Regional de Ayuda Técnica, _c1967. |
||
| 300 |
_axvi, 586 p. : _bil. ; _c24 cm. |
||
| 490 | 1 | _aAlianza para el progreso | |
| 500 | _aIncluye referencias bibliográficas y notas al pie de las páginas | ||
| 500 | _aIncluye bibliografía al final de los capítulos | ||
| 590 | _aInventariado, 2019 /LP | ||
| 700 | 0 |
_aPalazón, Ramón, _etr. _941247 |
|
| 830 | 0 |
_aAlianza para el progreso _941672 |
|
| 999 |
_c40553 _d40553 |
||